اللسان العربى واشكالية التلقى / (Record no. 66813)
[ view plain ]
| 000 -الفاتح | |
|---|---|
| حقل البيانات ثابتة الطول | 01393nam a2200301 4500 |
| 005 - وقت وتاريخ اخر تعامل مع التسجيلة | |
| رقم الضبط | 20240530110940.0 |
| 008 - عناصر البيانات ثابتة الطول - معلومات عامة | |
| حقل البيانات ثابتة الطول | 160618s2007 ua a|||g b||| 00| 0 ara d |
| 017 ## - رقم الايداع القانونى | |
| المصدر ( الهيئة المختصة) | مصر. دار الكتب |
| 020 ## - الرقم الدولى المعيارى للكتب | |
| الرقم الدولى المعيارى للكتاب | 9789953821504 |
| 040 ## - مصدر الفهرسة | |
| وكالة الفهرسة الأصلية | EG-CaGPL |
| وكالة النسخ | EG-CaGPL |
| 082 04 - رقم تصنيف ديوى العشرى | |
| رقم التصنيف | 410/ |
| رقم المادة | ح ا |
| رقم الطبعة | 21 |
| 100 0# - المدخل الرئيسى - إسم شخصى | |
| الإسم الشخصى | حافيظ اسماعيلى علوى |
| 245 10 - بيان العنوان | |
| العنوان | اللسان العربى واشكالية التلقى / |
| بيان المسئوليه,etc | تاليف حافيظ اسماعيلى علوى ، عبدالرحمن عزى ، رياض زكى قاسم ، محسن بوعزيزى ، عبدالحميد عبدالواحد ، محمود الذوادى |
| 250 ## - بيان الطبعة | |
| بيان الطبعة | الاولى |
| 260 ## - PUBLICATION, DISTRIBUTION, ETC. (IMPRINT) | |
| تاريخ النشر أو التوزيع | 2007. |
| 300 ## - الوصف المادى | |
| التعداد | 158 ص. : |
| تفاصيل ماديه اخرى للوعاء | ايض. ؛ |
| أبعاد الوعاء | 24 سم. |
| 490 1# - بيان السلسلة | |
| عنوان السلسلة | سلسلة كتب المستقبل العربى ؛ |
| رقم المجلد/ التعيين التسلسلي | ( 55 ) |
| 650 04 - المدخل الاضافى بالموضوع-مصطلح موضوعى | |
| مصطلح موضوعي | اللغة العربية |
| مصدر الرأس أو المصطلح | qrmak |
| 650 04 - المدخل الاضافى بالموضوع-مصطلح موضوعى | |
| مصطلح موضوعي | الاصوات اللغوية العربية |
| مصدر الرأس أو المصطلح | qrmak |
| 651 ## - المدخل الاضافى بالموضوع - اسم جغرافى | |
| مصدر الرأس أو المصطلح | qrmak |
| 700 ## - المدخل الاضافى - اسم شخصى | |
| الإسم الشخصى | عبدالرحمن عزى |
| الدور | مؤلف مشارك |
| 700 ## - المدخل الاضافى - اسم شخصى | |
| الإسم الشخصى | رياض زكى قاسم |
| الدور | مؤلف مشارك |
| 700 ## - المدخل الاضافى - اسم شخصى | |
| الإسم الشخصى | محسن بوعزيزى |
| الدور | مؤلف مشارك |
| 700 ## - المدخل الاضافى - اسم شخصى | |
| الإسم الشخصى | عبدالحميد عبدالواحد |
| الدور | مؤلف مشارك |
| 700 ## - المدخل الاضافى - اسم شخصى | |
| الإسم الشخصى | محمود الذوادى |
| الدور | مؤلف مشارك |
| 942 ## - عناصر المدخل الإضافي( كوها) | |
| مصدر التصنيف او مخطط الترفيف | Dewey Decimal Classification |
| Koha [default] item type | كتاب |
| 260 ## - PUBLICATION, DISTRIBUTION, ETC. (IMPRINT) | |
| -- | بيروت : |
| -- | مركز دراسات الوحدة العربية، |
| حالة التراجع | حالة الفقد | حالة تلف | ليس للاعارة | المكان المؤقت | الموقع الحالى | موقع الترفيف | تاريخ الاكتساب | اجمالي اﻻعارات | رقم الطلب | الباركود | تاريخ اخر مشاهدة | تاريخ تفعيل السعر | نوع وعاء كوها |
|---|---|---|---|---|---|---|---|---|---|---|---|---|---|
| مكتبة القاهرة الكبرى | مكتبة القاهرة الكبرى | 10/31/2022 | 410/ ح ا | 168723 | 10/31/2022 | 10/31/2022 | كتاب |

